000 00455nam a22001697a 4500
005 20240805091501.0
008 240805b |||||||| |||| 00| 0 eng d
020 _a9781305107649
082 _a005.43
_bTOM-G
100 _aTomsho, Greg
245 _aGuide to Operating Systems /
_cTomsho Greg
260 _ausa:
_bcengage learning;
_c2017.
300 _axiv, 565 p. :
_bill;
_c24 cm.
500 _ainclude index.
650 _aNetworking
999 _c36274
_d36274